000 00408nam a22001697a 4500
003 OSt
008 251008b |||||||| |||| 00| 0 eng d
020 _a9789395082082
082 _a170 GAH
100 _aGANDHI,Sanjeev
245 _aCourse in Human Values and Ethics
250 _a2nd Rev Ed.
260 _aNew Delhi
_bBharat Publications
300 _a156
700 _aDEEPAK,Sharma
942 _2ddc
_cBK
999 _c13747
_d13747